| 000 | 00509nam a2200133Ia 4500 | ||
|---|---|---|---|
| 005 | 20260209120153.0 | ||
| 008 | 260209s9999||||xx |||||||||||||| ||und|| | ||
| 100 | _aLeeban A | ||
| 245 | 0 | _aPossibility of alternative dispute resolution system in Indian direct tax disputes | |
| 260 |
_aBangaloreBangalore _bNLSIU, Bangalore _c2024 - 2025 |
||
| 300 | _a40 p. ; 25 cm. | ||
| 700 | _aMs. Sanyukta Chowdhury - SupervisorMs. Sanyukta Chowdhury - Supervisor | ||
| 856 | _uhttps://dans.nls.ac.in/handle/123456789/2493 | ||
| 999 |
_c217786 _d217786 |
||